| 000 | 00544nam a2200181Ia 4500 | ||
|---|---|---|---|
| 003 | IN-BaIIA | ||
| 008 | 211028s9999 xx 000 0 eng d | ||
| 020 | _a90-277-2257-9 | ||
| 040 | _cIIA Library | ||
| 080 |
_a082.2:52 _bIAU-S109 |
||
| 100 |
_aEichhorn, Heinrich K _914861 |
||
| 245 | 0 |
_aAstrometric techniques _cHeinrich K Eichhorn |
|
| 260 |
_aDordrecht _bD. Reidel Publishing _c1986 |
||
| 300 | _axxi, 838p. | ||
| 650 | _aAstrometry | ||
| 650 | _aAstronomy and Astrophysics thesaurus | ||
| 942 | _cBK | ||
| 999 |
_c8837 _d8837 |
||